Statystyki dla Kraje z Najlepszą Znajomością Języka Angielskiego

Kliknij tutaj aby rozwiązać quiz!

Ogólne statystyki

  • Ten quiz został rozwiązany 414 razy
    (400 od ostatniego zresetowania)
  • Średni wynik to 17 z 30

Statystyki odpowiedzi

#Nazwa państwa% Poprawnych
11Polska
99%
10Niemcy
93%
3Norwegia
82%
2Szwecja
82%
23Czechy
78%
7Finlandia
77%
1Holandia
76%
13Belgia
75%
25Słowacja
75%
4Dania
74%
19Szwajcaria
70%
8Austria
68%
21Litwa
68%
22Grecja
67%
28Estonia
66%
12Portugalia
66%
15Węgry
63%
14Chorwacja
62%
9Luksemburg
58%
16Rumunia
58%
17Serbia
56%
24Bułgaria
55%
6Republika Południowej Afryki
42%
27Argentyna
32%
5Singapur
26%
20Filipiny
19%
29Nigeria
19%
18Kenia
17%
26Malezja
14%
30Kostaryka
4%

Rozkład punktacji

Percentyl według liczby udzielonych odpowiedzi

Procent ludzi z każdym wynikiem

Twoja historia wyników

Nie rozwiązałeś tego quizu od ostatniego zresetowania